Grimsby Trivia - Statistics

General Stats
  • This quiz has been taken 323 times
  • The average score is 10 of 20
Answer Stats
Hint Answer % Correct
Nearest city Hull City
91%
Approximate degrees lattitude (nearest 10) 0 degrees
76%
Grimsby Town FC's stadium is called? Blundell Park
71%
Nearest airport Humberside Airport
68%
Grimsby Town FC nickname Mariners
68%
Merged with which seaside resort? Cleethorpes
67%
Largest Grimsby-based company Young's Fish
64%
Telephone dialing code 01472 - - - - -
62%
Body of water to the East North Sea
62%
Most famous landmark Grimsby Dock Tower
61%
Main traffic route to/from Grimsby A180
55%
Which city is 85 miles due west of Grimsby? Manchester
54%
Founded by..? Grim!
44%
Body of water to the North Humber Estuary
37%
Grimsby's main church St James'
36%
Who sang a song about Grimsby, entitled 'Grimsby'? Elton John
34%
Significant 50s and 70s confrontantions with Iceland over fishing rights Cod Wars
32%
Diminishing geographical feature projecting into the estuary Spurn Head
32%
A famous Grimbarian actor? Thomas Turgoose
25%
Nearby war-time submarine defences Humber Forts
7%
No matching quizzes found
Score Distribution
Percent of People with Each Score
Percentile by Number Answered
Your Score History
You have not taken this quiz